Sporclin' Through the '70s III Quiz Stats

 Plays Quiz Updated Nov 25, 2018

Score 0/36 Timer 06:00
11 Plays Today
Hint Answer % Correct
 
▼    Television    ▼
 
The Scooby-Doo Show
92.7%
Saturday Night Fever
90.4%
Village People
86.2%
 
▼    Gaming    ▼
 
Roller Skates
84.1%
Gerald Ford
82.9%
Jack-in-the-Box
82.3%
Farrah Fawcett
81%
The Love Boat
80.4%
The Exorcist
80.2%
M*A*S*H
76.1%
ZZ Top
74.6%
A Clockwork Orange
72.7%
Annie Hall
72.5%
 
▼    Movies    ▼
 
Apocalypse Now
71.7%
The Jeffersons
70.7%
The Mary Tyler Moore Show
68.7%
Charles Manson
67.6%
 
▼    History    ▼
 
Henry Kissinger
66.1%
Hint Answer % Correct
Arthur Ashe
65.2%
Nerf Ball
63.6%
The Waltons
63.5%
 
▼    Music    ▼
 
James Brown
62.9%
Fawlty Towers
60.8%
Stretch Armstrong
60.3%
Oregon Trail
45.5%
AC/DC
44.2%
Dorothy Hamill
43.7%
Mastermind
39.9%
Carlos Santana
36.5%
Roger Staubach
35.9%
Creedence Clearwater Revival
33.3%
Tom Seaver
29.8%
Joe Morgan
27.3%
Pierre Trudeau
26.4%
 
▼    Sports    ▼
 
Phil Esposito
19.6%
Juan Perón
2.2%

You're not logged in!

Compare scores with friends on all Sporcle quizzes.
OR
Log In

Sporcle TV

Today on Sporcle TV


Watch our educational content, quiz creation guides, and fun videos on Sporcle TV.

Show Comments

Extras

Top Quizzes Today


Score Distribution

Your Account Isn't Verified!

In order to create a playlist on Sporcle, you need to verify the email address you used during registration. Go to your Sporcle Settings to finish the process.

Report this User

Report this user for behavior that violates our Community Guidelines.

Details: